El concepto del hombre: estudio de filosofía comparada

Uloženo v:
Podrobná bibliografie
Hlavní autoři: Radhakrishnan, S (Autor), Raju, P. T (Autor)
Médium: Kniha
Jazyk:španělština
Vydáno: Ciudad de México Fondo de Cultura Económica 1964
Vydání:1a. ed
Edice:Brevarios del Fondo de Cultura Económica, 176
Témata:
Tagy: Přidat tag
Žádné tagy, Buďte první, kdo vytvoří štítek k tomuto záznamu!

MARC

LEADER 00000cam a2200000 a 4500
001 UCE4318
003 CL-VaPUC
008 141016e19640000mx |||||||||||||||||spa|d
082 0 4 |a 128  |b RAD  |2 21 
100 0 |a Radhakrishnan, S  |e author  |9 576888 
700 0 |a Raju, P. T  |e author  |9 576889 
245 1 3 |a El concepto del hombre: estudio de filosofía comparada 
250 |a 1a. ed 
300 |a 482 p 
942 |c BK 
945 |d 20141016 12:02:00  |a arojas 
260 |a Ciudad de México  |b Fondo de Cultura Económica  |c 1964 
650 0 |a Antropología   |9 233030 
650 7 |a HOMBRE  |2 CL-VaPUC  |9 262149 
650 0 |a Naturaleza humana   |9 308593 
650 0 |a Escuelas filosóficas   |9 266232 
583 |a last modification  |c 20141016 12:02:00  |k Rodrigo Vera 
490 0 |a Brevarios del Fondo de Cultura Económica, 176 
999 |c 357321  |d 357319 
952 |0 0  |1 0  |3 erd  |4 0  |6 128_000000000000000_RAD_1964  |7 0  |8 A  |9 465204  |a BIBTEO  |b BIBTEO  |i 5008204  |o 128 RAD 1964  |p 5008204  |r 2025-01-17  |w 2019-11-23  |y BK  |z Catalogado en:20141016  |k ICR